000 00305nam a22001337a 4500
020 _a978-1-4200-6112-3
041 _aENG
100 _aRivas E.O
245 _aProcessing Effects On Safety And Quality Of Foods
260 _aNew York
_bCRC
_c2009
300 _a572
650 _aAPE
856 _uAPE ( 3 )
999 _c2499
_d2499